Seychelles : First Review under the Extended Fund Facility Arrangement-Press Release; Staff Report; and Statement by the Executive Director for the Seychelles.

The expected macroeconomic recovery has materialized. Seychelles remains a leader in vaccine coverage at home, and the widespread availability of vaccines in Seychelles' key tourist markets, particularly Europe, is contributing to a strong rebound in tourism. The economic outlook, while positiv...

সম্পূর্ণ বিবরণ

গ্রন্থ-পঞ্জীর বিবরন
সংস্থা লেখক: International Monetary Fund. African Dept
বিন্যাস: পত্রিকা
ভাষা:English
প্রকাশিত: Washington, D.C. : International Monetary Fund, 2022.
মালা:IMF Staff Country Reports; Country Report ; No. 2022/006
বিষয়গুলি:
অনলাইন ব্যবহার করুন:Full text available on IMF
LEADER 01726cas a2200289 a 4500
001 AALejournalIMF022306
008 230101c9999 xx r poo 0 0eng d
020 |c 5.00 USD 
020 |z 9781616359058 
022 |a 1934-7685 
040 |a BD-DhAAL  |c BD-DhAAL 
110 2 |a International Monetary Fund.  |b African Dept. 
245 1 0 |a Seychelles :   |b First Review under the Extended Fund Facility Arrangement-Press Release; Staff Report; and Statement by the Executive Director for the Seychelles. 
264 1 |a Washington, D.C. :  |b International Monetary Fund,  |c 2022. 
300 |a 1 online resource (79 pages) 
490 1 |a IMF Staff Country Reports 
500 |a <strong>Off-Campus Access:</strong> No User ID or Password Required 
500 |a <strong>On-Campus Access:</strong> No User ID or Password Required 
506 |a Electronic access restricted to authorized BRAC University faculty, staff and students 
520 3 |a The expected macroeconomic recovery has materialized. Seychelles remains a leader in vaccine coverage at home, and the widespread availability of vaccines in Seychelles' key tourist markets, particularly Europe, is contributing to a strong rebound in tourism. The economic outlook, while positive, remains subject to the uncertain evolution of the COVID-19 pandemic globally. 
538 |a Mode of access: Internet 
650 7 |a International Agreements and Observance  |2 imf 
650 7 |a International Organizations  |2 imf 
650 7 |a Monetary Policy  |2 imf 
651 7 |a Kosovo, Republic of  |2 imf 
830 0 |a IMF Staff Country Reports; Country Report ;  |v No. 2022/006 
856 4 0 |z Full text available on IMF  |u http://elibrary.imf.org/view/journals/002/2022/006/002.2022.issue-006-en.xml  |z IMF e-Library